Online
Catalog

Factores economicos de las edificaciones y nuestra realidad / (Record no. 35446)

MARC details
000 -CABECERA
campo de control de longitud fija 00844nam a2200253 a 4500
001 - NÚMERO DE CONTROL
campo de control 000035955
003 - IDENTIFICADOR DEL NÚMERO DE CONTROL
campo de control OSt
005 - FECHA Y HORA DE LA ÚLTIMA TRANSACCIÓN
campo de control 20250924073803.0
007 - CAMPO FIJO DE DESCRIPCIÓN FÍSICA--INFORMACIÓN GENERAL
campo de control de longitud fija ta
008 - DATOS DE LONGITUD FIJA--INFORMACIÓN GENERAL
campo de control de longitud fija 111121s1985 dr 000 0 spa d
040 ## - FUENTE DE LA CATALOGACIÓN
Centro catalogador/agencia de origen DO-SdBNP
Lengua de catalogación spa
Centro/agencia transcriptor BNPHU
082 ## - NÚMERO DE LA CLASIFICACIÓN DECIMAL DEWEY
Número de edición 22
Número de clasificación xxx
Número de documento/Ítem S489f
100 1# - ENTRADA PRINCIPAL--NOMBRE DE PERSONA
Nombre de persona Serulle Ramia, José
9 (RLIN) 6953
245 10 - MENCIÓN DE TÍTULO
Título Factores economicos de las edificaciones y nuestra realidad /
Mención de responsabilidad, etc. José Serulle Ramia.
260 ## - PUBLICACIÓN, DISTRIBUCIÓN, ETC.
Lugar de publicación, distribución, etc. Santo Domingo :
Nombre del editor, distribuidor, etc. Editora Universitaria,
Fecha de publicación, distribución, etc. 1985.
300 ## - DESCRIPCIÓN FÍSICA
Extensión 27 p. ;
Dimensiones 22 cm.
490 1# - MENCIÓN DE SERIE
Mención de serie Publicaciones de la Universidad Autónoma de Santo Domingo ;
Designación de volumen o secuencia 437 ;
490 1# - MENCIÓN DE SERIE
Mención de serie Economía y sociedad ;
Designación de volumen o secuencia 3 ;
590 ## - NOTA LOCAL (RLIN)
Nota local Inventariado, 2020/ YL
830 ## - PUNTO DE ACCESO ADICIONAL DE SERIE-TÍTULO UNIFORME
Título uniforme Publicaciones de la Universidad Autónoma de Santo Domingo
Número de parte o sección de la obra 437
9 (RLIN) 52
830 #0 - PUNTO DE ACCESO ADICIONAL DE SERIE-TÍTULO UNIFORME
Título uniforme Economia y sociedad
9 (RLIN) 9447
Número de parte o sección de la obra 3
910 ## - DATOS DE OPCIÓN DEL USUARIO (OCLC)
Datos de opción del usuario En proceso
942 ## - ELEMENTOS DE PUNTO DE ACCESO ADICIONAL (KOHA)
Fuente del sistema de clasificación o colocación Dewey Decimal Classification
Tipo de ítem Koha Libros y folletos
Holdings
Estado de retiro Estado de pérdida Fuente del sistema de clasificación o colocación No para préstamo Código de colección Localización permanente Ubicación/localización actual Ubicación en estantería Fecha de adquisición Fuente de adquisición Número de inventario Total de préstamos Signatura topográfica completa Código de barras Fecha visto por última vez Precio válido a partir de Tipo de ítem Koha Número de copia Restricciones de uso
    Dewey Decimal Classification Excluido de préstamo Patrimonio Dominicano Patrimonio Dominicano Patrimonio Dominicano En catalogación 21.11.2011 Donación LF1   35955-10 25.06.2020 25.06.2020 Libro y Folleto Colección Patrimonio Dominicano    
    Dewey Decimal Classification Excluido de préstamo Patrimonio Dominicano Patrimonio Dominicano Patrimonio Dominicano En catalogación 21.11.2011 Donación LF1   2020-0102 06.10.2020 25.06.2020 Libro y Folleto Colección Patrimonio Dominicano e. 2  
    Dewey Decimal Classification   Dominicana de Servicio Patrimonio Dominicano Patrimonio Dominicano En catalogación 21.11.2011 Donación LF1   2020-0103 06.10.2020 25.06.2020 Libro y Folleto Colección Dominicana de Servicio e. 3 Préstamo en sala
    Dewey Decimal Classification   Dominicana de Servicio Patrimonio Dominicano Patrimonio Dominicano En catalogación 21.11.2011 Donación LF1   2020-0104 06.10.2020 25.06.2020 Libro y Folleto Colección Dominicana de Servicio e. 4 Préstamo en sala
    Dewey Decimal Classification   Dominicana de Servicio Patrimonio Dominicano Patrimonio Dominicano En catalogación 21.11.2013 Flia. Reyes Duluc LF1   2020-0105 06.10.2020 25.06.2020 Libro y Folleto Colección Dominicana de Servicio e. 5 Préstamo en sala

Powered by Koha